| 000 | 00570nam a22001937a 4500 | ||
|---|---|---|---|
| 003 | OSt | ||
| 005 | 20251024013741.0 | ||
| 008 | 251010b |||||||| |||| 00| 0 eng d | ||
| 020 | _a978-0-7486-2759-2. | ||
| 040 |
_aDWCL-Main lib _cOC |
||
| 082 | _aCirc. 410 B344l 2007 | ||
| 100 | _aBauer, Laurie | ||
| 245 | _aThe linguistics student's handbook | ||
| 260 |
_aEdinburgh : _bEdinburgh University Press Ltd., _cc2007. |
||
| 300 |
_aVIII, 386 pages : _billustration ; _c24 cm. |
||
| 504 | _aIncludes index. | ||
| 650 | _21. Linguistics. | ||
| 942 |
_2ddc _cBK-CIRC _kCirc. _n0 |
||
| 999 |
_c4786 _d4786 |
||